| 000 | 003440000a22001450004500 | ||
|---|---|---|---|
| 003 | MACL | ||
| 040 | _aMACL | ||
| 090 |
_c4970 _d4969 |
||
| 100 | _aChakraborty S K | ||
| 245 |
_aManagerial Transformation By Values _bA Corporate Pilgrimage |
||
| 260 |
_bSage Publications _c1993 |
||
| 350 | _a95 | ||
| 650 | _aComputer Science | ||
| 942 |
_cBOOK _k004 |
||
| 999 |
_c4932 _d4932 |
||